La conexión libertad-determinismo : Una reconstrucción filosófica de las ciencias sociales /

Este libro constituye un texto claro y provocador. En un lenguaje carente de tecnicismos, el autor se introduce con rigor y talante crítico en problemas candentes de la filosofía de las ciencias sociales, apostando a encontrar soluciones que permitan a los cultores de estas disciplinas materializar...

Full description

Bibliographic Details
Main Author: Gibert Galassi, Jorge
Format: Libro
Language:Spanish
Published: Santiago, Chile RiL 2005
Subjects:
Online Access:

MARC

LEADER 00000cam a2200000 a 4500
001 003082
003 UAHC_CL
005 20170803115909.0
008 060530b2005 cl 000 spa
020 |a 9562844781 
040 |a UAHC_CL  |c UAHC_CL  |d UAHC_CL 
100 1 |a Gibert Galassi, Jorge 
245 1 3 |a La conexión libertad-determinismo :  |b Una reconstrucción filosófica de las ciencias sociales /  |c Jorge Gibert Galassi. 
260 |b RiL  |c 2005  |a Santiago, Chile 
300 |a 182 p. 
520 |a Este libro constituye un texto claro y provocador. En un lenguaje carente de tecnicismos, el autor se introduce con rigor y talante crítico en problemas candentes de la filosofía de las ciencias sociales, apostando a encontrar soluciones que permitan a los cultores de estas disciplinas materializar un aporte útil a las sociedades contemporáneas. La idea principal del libro es que la filosofía de las ciencias sociales, se juega la vida al resolver la antinomia entre la tesis de la libertad humana y la tesis determinista del mundo, del cual el hombre es parte. El libro adopta la postura de responder a los obstáculos de tal empresa, examinando cuestiones de primera relevancia. 
650 4 |a FILOSOFIA DE LAS CIENCIAS SOCIALES 
653 |a COMPLEMENTARIA 
900 |a 300.1 GIB 
942 |c BK 
952 |0 0  |1 0  |4 0  |6 300_100000000000000_GIB  |7 0  |8 General  |9 6730  |a BC  |b BC  |c General  |d 2017-08-03  |l 0  |o 300.1 GIB  |p 1353722  |r 2026-01-07 00:00:00  |t 1  |w 2017-08-03  |y BK 
999 |c 3082  |d 3082